| 000 | 00833nam a2200229 i 4500 | ||
|---|---|---|---|
| 001 | 25263 | ||
| 003 | ES-MaACL | ||
| 005 | 20230921100716.0 | ||
| 007 | t| | ||
| 008 | 021223s1964 sp ||||1| spa d | ||
| 100 | 1 |
_aBautista Aranda, Manuel. _926619 |
|
| 245 | 1 | 0 |
_aSeguimiento radioeléctrico de satélites y sondas espaciales / _cpor Manuel Bautista Aranada. |
| 260 |
_aMadrid : _b[s.n., _c1964] ( _fImp. del Instituto) |
||
| 300 |
_a90 p. : _bil. ; _c24 cm. |
||
| 500 | _aPrecede al tít.: Instituto Nacional de Técnica Aeroespacial "Esteban Terradas" | ||
| 650 | 0 | 0 |
_aSatélites artificiales. _916995 |
| 710 | 2 |
_aInstituto Nacional de Técnica Aeroespacial (España) _95191 |
|
| 852 |
_aES-MaACL _jC-27385 _926196 |
||
| 852 |
_aES-MaACL _jC-28455/Ej.1 _bR.56782 _931542 |
||
| 942 | _2udc | ||
| 999 |
_c25263 _d25263 |
||